000 00541cam a2200217K 4500
001 40869
005 20230410105118.0
008 910729s1949 ht 000 0 fre d
035 _a(OCoLC)ocm24145699
040 _aRQL
_cRQL
035 _a(OCoLC)24145699
050 1 4 _aCEH
100 1 _aSénat, Franck Charles.
245 1 0 _aConfidences des ondes;
_b[roman.
260 _aPort-au-Prince?]
_c1949.
300 _a59 p.
_c20 cm.
650 4 _aCEH
650 4 _aColección Estudios Haitianos
942 _2lcc
_cbk
994 _aC0
_bDRFGD
999 _c30302
_d30302